| 000 | 00682cam a22002534a 4500 | ||
|---|---|---|---|
| 003 | UPN | ||
| 005 | 20220912202729.0 | ||
| 008 | 090210m20012007es r 000 f spa d | ||
| 020 | _a9788466706117 | ||
| 035 | _aUPN01000169103 | ||
| 040 |
_aUPN _bspa _cUPN |
||
| 049 | _aCG | ||
| 050 | 4 |
_aPQ6701 L3 _bM43 |
|
| 100 | 1 |
_aAlcolea Serrano, Ana, _d1962- _930369 |
|
| 245 | 1 | 3 | _aEl medallón perdido. |
| 250 | _aPrimera edición | ||
| 260 |
_aMadrid : _bAnaya, _c2001 (2007 impr.). |
||
| 300 | _a174 páginas | ||
| 490 | 0 |
_aEspacio abierto ; _v93 |
|
| 650 | 4 |
_aNovela juvenil española _943377 |
|
| 650 | 4 |
_aPadres e hijos _vNovela _912603 |
|
| 905 | _aLibro | ||
| 942 |
_2lcc _cLIBRO |
||
| 999 |
_c141209 _d141209 |
||